Real-time optimization of access control lists [abstract] /

Elmentve itt :
Bibliográfiai részletek
Szerzők: Palugyai Sándor
Csorba Máté J.
Testületi szerző: Conference of PhD students in computer science (4.)
Dokumentumtípus: Könyv része
Megjelent: University of Szeged Szeged 2004
Sorozat:Conference of PhD Students in Computer Science 4
Kulcsszavak:Számítástechnika - előadáskivonat, Optimalizálás - számítógépes - előadáskivonat
Tárgyszavak:
Online Access:http://acta.bibl.u-szeged.hu/59790
LEADER 00943naa a2200217 i 4500
001 acta59790
005 20230628125336.0
008 191015s2004 hu o 1|| eng d
040 |a SZTE Egyetemi Kiadványok Repozitórium  |b hun 
041 |a eng 
100 1 |a Palugyai Sándor 
245 1 0 |a Real-time optimization of access control lists   |h [elektronikus dokumentum] :  |b [abstract] /  |c  Palugyai Sándor 
260 |a University of Szeged  |b Szeged  |c 2004 
300 |a 92-93 
490 0 |a Conference of PhD Students in Computer Science  |v 4 
650 4 |a Természettudományok 
650 4 |a Számítás- és információtudomány 
695 |a Számítástechnika - előadáskivonat, Optimalizálás - számítógépes - előadáskivonat 
700 0 1 |a Csorba Máté J.  |e aut 
711 |a Conference of PhD students in computer science (4.)  |c Szeged  |d 2004. július 1-4. 
856 4 0 |u http://acta.bibl.u-szeged.hu/59790/1/cscs_2004_092-093.pdf  |z Dokumentum-elérés